ARRUPE JESUIT UNIVERSITY

CORONAVIRUS -STOP THE SPREAD - CLEAN,DISINFECT,COVER

Three approaches to abortion (Record no. 59561)

MARC details
000 -LEADER
fixed length control field 00647nam a2200229Ia 4500
003 - CONTROL NUMBER IDENTIFIER
control field 0100
008 - FIXED-LENGTH DATA ELEMENTS--GENERAL INFORMATION
fixed length control field 130303s9999 xx 000 0 und d
040 ## - CATALOGING SOURCE
Transcribing agency ARRUPELIB
050 ## - LIBRARY OF CONGRESS CALL NUMBER
Classification number HQ767.K72 2002
300 ## - PHYSICAL DESCRIPTION
Other physical details 20cm.
100 ## - MAIN ENTRY--PERSONAL NAME
Personal name Kreeft, Peter
245 ## - TITLE STATEMENT
Title Three approaches to abortion
245 ## - TITLE STATEMENT
Remainder of title a thoughtful and compassionate guide to today's most controversial issue
260 ## - PUBLICATION, DISTRIBUTION, ETC. (IMPRINT)
Place of publication, distribution, etc San Francisco
260 ## - PUBLICATION, DISTRIBUTION, ETC. (IMPRINT)
Name of publisher, distributor, etc Ignatius Press
260 ## - PUBLICATION, DISTRIBUTION, ETC. (IMPRINT)
-- 2002
300 ## - PHYSICAL DESCRIPTION
Extent 133p.
650 ## - SUBJECT ADDED ENTRY--TOPICAL TERM
Topical term following geographic name as entry element Self realization--Social aspects
650 ## - SUBJECT ADDED ENTRY--TOPICAL TERM
Location of event Civilization, Modern--Psychological aspects
650 ## - SUBJECT ADDED ENTRY--TOPICAL TERM
Active dates Social Values--History
942 ## - ADDED ENTRY ELEMENTS (KOHA)
Source of classification or shelving scheme Library of Congress Classification
Koha issues (borrowed), all copies 1
Holdings
Withdrawn status Lost status Source of classification or shelving scheme Damaged status Not for loan Collection code Home library Current library Shelving location Date acquired Total Checkouts Full call number Barcode Date last seen Date checked out Copy number Price effective from Koha item type
    Library of Congress Classification     Main Collection ARRUPE LIBRARY ARRUPE LIBRARY   05/03/2013 1 HQ767.K72 2002 46003090814 09/05/2018 20/02/2014 1 05/03/2013 Monograph ( Printed materials)

 

Arrupe Library. PO Box MP320 Mt Pleasant, Harare, Zimbabwe
263 242 745411|librarian@aju.ac.zw